MARC details
| 000 -LEADER |
| fixed length control field |
02056cam a22003977a 4500 |
| 001 - CONTROL NUMBER |
| control field |
18726904 |
| 003 - CONTROL NUMBER IDENTIFIER |
| control field |
ARRUPE |
| 005 - DATE AND TIME OF LATEST TRANSACTION |
| control field |
20181002094759.0 |
| 008 - FIXED-LENGTH DATA ELEMENTS--GENERAL INFORMATION |
| fixed length control field |
150803s2015 enkab b 001 0 eng d |
| 010 ## - LIBRARY OF CONGRESS CONTROL NUMBER |
| LC control number |
2015304945 |
| 015 ## - NATIONAL BIBLIOGRAPHY NUMBER |
| National bibliography number |
GBB278181 |
| Source |
bnb |
| 016 7# - NATIONAL BIBLIOGRAPHIC AGENCY CONTROL NUMBER |
| Record control number |
016143690 |
| Source |
Uk |
| 020 ## - INTERNATIONAL STANDARD BOOK NUMBER |
| International Standard Book Number |
9781849042581 |
| Qualifying information |
pbk. |
| 020 ## - INTERNATIONAL STANDARD BOOK NUMBER |
| International Standard Book Number |
1849042586 |
| Qualifying information |
pbk. |
| 035 ## - SYSTEM CONTROL NUMBER |
| System control number |
(OCoLC)ocn908416783 |
| 040 ## - CATALOGING SOURCE |
| Original cataloging agency |
YDXCP |
| Language of cataloging |
eng |
| Transcribing agency |
YDXCP |
| Modifying agency |
OCLCO |
| -- |
BDX |
| -- |
RCJ |
| -- |
GZM |
| -- |
UKMGB |
| -- |
OCLCF |
| -- |
CDX |
| -- |
UAB |
| -- |
DLC |
| 042 ## - AUTHENTICATION CODE |
| Authentication code |
lccopycat |
| 043 ## - GEOGRAPHIC AREA CODE |
| Geographic area code |
f------ |
| 050 00 - LIBRARY OF CONGRESS CALL NUMBER |
| Classification number |
S934.A35 |
| Item number |
N87 2015 |
| 082 04 - DEWEY DECIMAL CLASSIFICATION NUMBER |
| Classification number |
333.72096 |
| Edition number |
23 |
| 300 ## - PHYSICAL DESCRIPTION |
| Other physical details |
ill., map ; |
| Dimensions |
22 cm. |
| 100 1# - MAIN ENTRY--PERSONAL NAME |
| Personal name |
Nustad, Knut G., |
| Dates associated with a name |
1968- |
| 9 (RLIN) |
42630 |
| 245 10 - TITLE STATEMENT |
| Title |
Creating Africas : |
| Remainder of title |
struggles over nature, conservation and land / |
| Statement of responsibility, etc |
Knut G. Nustad. |
| 260 ## - PUBLICATION, DISTRIBUTION, ETC. (IMPRINT) |
| Place of publication, distribution, etc |
London : |
| Name of publisher, distributor, etc |
Hurst & Co., |
| Date of publication, distribution, etc |
2015. |
| 300 ## - PHYSICAL DESCRIPTION |
| Extent |
xii, 192 p. : |
| 504 ## - BIBLIOGRAPHY, ETC. NOTE |
| Bibliography, etc |
Includes bibliographical references (p. 175-183) and index. |
| 505 00 - FORMATTED CONTENTS NOTE |
| Title |
Protected areas and the nature-society divide -- |
| -- |
Natures and environments : from representations to realities -- |
| -- |
From hunting grounds to productive fields -- |
| -- |
Early conservation and tourism nature -- |
| -- |
Human settlements and forced removals in Dukuduku -- |
| -- |
Dukuduku as dispossessed land -- |
| -- |
Reality wars : competing natures on the river beds. |
| 650 #0 - SUBJECT ADDED ENTRY--TOPICAL TERM |
| Topical term or geographic name as entry element |
Conservation of natural resources |
| Geographic subdivision |
Africa. |
| 9 (RLIN) |
42631 |
| 650 #0 - SUBJECT ADDED ENTRY--TOPICAL TERM |
| Topical term or geographic name as entry element |
Human ecology |
| Geographic subdivision |
Africa. |
| 9 (RLIN) |
42632 |
| 650 #7 - SUBJECT ADDED ENTRY--TOPICAL TERM |
| Topical term or geographic name as entry element |
Conservation of natural resources. |
| Source of heading or term |
fast |
| 9 (RLIN) |
42633 |
| 650 #7 - SUBJECT ADDED ENTRY--TOPICAL TERM |
| Topical term or geographic name as entry element |
Conservation of natural resources |
| General subdivision |
Government policy. |
| Source of heading or term |
fast |
| 9 (RLIN) |
42634 |
| 651 #7 - SUBJECT ADDED ENTRY--GEOGRAPHIC NAME |
| Geographic name |
Africa. |
| Source of heading or term |
fast |
| 9 (RLIN) |
8946 |
| 856 42 - ELECTRONIC LOCATION AND ACCESS |
| Materials specified |
Contributor biographical information |
| Uniform Resource Identifier |
<a href="http://www.loc.gov/catdir/enhancements/fy1604/2015304945-b.html">http://www.loc.gov/catdir/enhancements/fy1604/2015304945-b.html</a> |
| 856 42 - ELECTRONIC LOCATION AND ACCESS |
| Materials specified |
Publisher description |
| Uniform Resource Identifier |
<a href="http://www.loc.gov/catdir/enhancements/fy1604/2015304945-d.html">http://www.loc.gov/catdir/enhancements/fy1604/2015304945-d.html</a> |
| 856 41 - ELECTRONIC LOCATION AND ACCESS |
| Materials specified |
Table of contents only |
| Uniform Resource Identifier |
<a href="http://www.loc.gov/catdir/enhancements/fy1604/2015304945-t.html">http://www.loc.gov/catdir/enhancements/fy1604/2015304945-t.html</a> |
| 906 ## - LOCAL DATA ELEMENT F, LDF (RLIN) |
| a |
7 |
| b |
cbc |
| c |
copycat |
| d |
2 |
| e |
ncip |
| f |
20 |
| g |
y-gencatlg |
| 942 ## - ADDED ENTRY ELEMENTS (KOHA) |
| Source of classification or shelving scheme |
Library of Congress Classification |
| Koha item type |
Monograph ( Printed materials) |